000
00268nam a2200109 a 4500
005
20140414132031.0
008
110317s19uu xx 00 eng d
050
_a
TR
_b
L78 2006
100
_a
Wilhelm, Hans, 1945-
245
_a
The Lord is my shepherd.
999
_c
113636
_d
113636